Top 20 Hardest Sports To Go Pro In - Statistics

General Stats
  • This quiz has been taken 64 times
  • The average score is 11 of 20
Answer Stats
Hint Answer % Correct
7. Soccer
100%
9. Baseball
96%
3. American Football
94%
4. Basketball
94%
2. Ice Hockey
83%
8. Tennis
81%
19. Swimming
68%
16. Golf
62%
12. Rugby
57%
1. Boxing
51%
10. Gymnastics
51%
5. Wrestling
51%
11. Lacrosse
42%
14. Alpine Skiing
32%
6. Mixed Martial Arts
32%
17. Cycling
30%
13. Water Polo
28%
18. Field Hockey
21%
20. Motor Sports
13%
15. Bull Riding
0%
No matching quizzes found
Score Distribution
Percent of People with Each Score
Percentile by Number Answered
Your Score History
You have not taken this quiz